Bystričania na vlaku do doliny 1. liga v basketbale mužov - 16. kolo ; (sch), (š), (leh), (vč), (duf), (bň), sr) (ta, (sch), (š), (leh), (vč), (duf), (bň), sr) (ta

Bibliographic Details
Main Authors: (sch) (Author), (š) (Author), (leh) (Author), (vč) (Author), (duf) (Author), (bň) (Author), (ta, sr) (Author)
Format: Article
Language:Slovak
Subjects:

MARC

LEADER 00000nab a2200000 a 4500
001 vtls000471256
003 SK-MaSNL
005 20260303001442.0
008 160401c1992 xo 0 slo
015 |a SNBRB19rr/mm-uuuuu 
035 |a CL0471389 
040 |a SNKBUCL  |b slo  |c SNKBUCL  |e AACR2 
041 0 |a slo 
044 |a xo  |c SK 
080 |a 796.323.093.1(437)  |2 1981 
245 0 0 |a Bystričania na vlaku do doliny  |b 1. liga v basketbale mužov - 16. kolo ; (sch), (š), (leh), (vč), (duf), (bň), sr) (ta, (sch), (š), (leh), (vč), (duf), (bň), sr) (ta 
650 0 7 |a basketbal  |2 snkbucl  |9 3290 
655 7 |a články z novín a časopisov  |2 snkbucl  |9 267496 
700 1 |a (sch)  |4 aut  |9 873301 
700 1 |a (š)  |4 aut  |9 492459 
700 1 |a (leh)  |4 aut  |9 840767 
700 1 |a (vč)  |4 aut  |9 952174 
700 1 |a (duf)  |4 aut  |9 966698 
700 1 |a (bň)  |4 aut  |9 921098 
700 1 |a (ta, sr)  |4 aut  |9 976824 
773 0 |t Šport  |g Roč. 46, č. 297 (17. 12. 1992), s. 6 
850 |a Slovenská národná knižnica v Martine  |a MTA001 
852 |a SNK  |b KIS3GCP 
958 |a RK 
999 |c 1563545  |d 1565475